Quiz o II Rzeczpospolitej - Statystyki

Ogólne statystyki
  • Ten quiz został rozwiązany 5 201 razy
  • Średni wynik to 27 z 57
Statystyki odpowiedzi
Wskazówki Odpowiedź % Poprawnych
Stolica państwa Warszawa
100%
Niemcy
92%
Największe miasto II RP, które nie leży na terenie obecnej Polski Lwów
88%
Związek Sowiecki
88%
Państwa graniczące z II RP (po ukształtowaniu się granic w 1922) Czechosłowacja
86%
Którą brygadą dowodził wspomniany wyżej? Pierwszą
84%
Litwa
83%
Naczelny wódz Armii Polskiej, Naczelnik Państwa, marszałek Polski, dwukrotny premier, ogłosił światu powstanie niepodległego państwa polskiego Józef Piłsudski
74%
Węgry
71%
Rumunia
70%
Wolne Miasto Gdańsk
70%
Jaką walutę wprowadził? Złoty polski
70%
Który dzień 1918 jest uznawany za odrodzenie polskiej państwowości? 11 listopada
69%
Łotwa
68%
Jaka wieś w przeciągu 20 lat stała się najnowocześniejszym portem w Europie? Gdynia
66%
Drugie największe miasto Łódź
65%
Prezydenci II RP Gabriel Narutowicz
64%
Jak inaczej określa się bitwę warszawską stoczoną 15 sierpnia 1920, która uratowała niepodległość Polski i Europy? Cud nad Wisłą
61%
Z kim Polska zyskała granicę po upadku pierwszego z powyżej wymienionych sąsiadów? Słowacja
61%
Kto był jego największym rywalem politycznym? Roman Dmowski
58%
Gdzie wybuchły trzy powstania, które miały na celu przyłączenie tego terenu do Polski? Górny Śląsk
57%
Ignacy Mościcki
56%
Jak się nazywa zamach stanu, dokonany w 1926? Przewrót {majowy}
55%
Londyn
54%
W jakich miastach siedzibę miał rząd RP na uchodźctwie? Paryż
49%
Co zastąpiło II RP? Polska Rzeczpospolita Ludowa
47%
Jakie wydarzenie zakończyło istnienie II RP? II wojna światowa
44%
Jaka była pierwsza waluta Polski? Marka polska
44%
Co spowodowało problemy gospodarcze Polski w latach 1929-1935? Wielki {kryzys}
42%
Do jakiej partii należał wyżej wymieniony? Polska Partia Socjalistyczna
40%
Konstytucja {kwietniowa}
39%
Konstytucja {marcowa}
37%
Jak nazywał się potocznie obóz rządzący Polską w latach 1926-1939? Sanacja
37%
Stanisław Wojciechowski
35%
Jak nazywa się obszar, który Polska zaanektowała od pierwszego z wymienionych sąsiadów 1 października 1938? Zaolzie
34%
Gdzie miała miejsce prowokacja, która odbyła się 31 sierpnia 1939? Gliwice
33%
Konstytucje obowiązujące w II RP {Mała} Konstytucja
33%
Do jakiego ruchu politycznego należał wyżej wspomniany? Narodowa Demokracja
33%
Kto zastąpił Marszałka na stanowisku generalnego inspektora Sił Zbrojnych oraz Naczelnego Wodza Polskich Sił Zbrojnych? Edward Rydz-Śmigły
32%
Gdzie podpisano traktat pokojowy z bolszewikami? Ryga
30%
Od 1918 do 1926 w Polsce obowiązywał ustrój demokratyczny. Jaki system rządów zaczął panować po zamachu stanu? Autorytaryzm
28%
Kto odrzucił żądanie o budowie eksterytorialnej autostrady przez polskie Pomorze? Józef Beck
28%
Jak nazywał się okręg przemysłowy zlokalizowany na terenie dzisiejsze południowo-wschodniej Polski? Centralny Okręg Przemysłowy
26%
Kto przeprowadził reformy, wprowadzające m.in. nową walutę? Władysław Grabski
26%
Kto zainicjował budowę portu w tejże miejscowości? Eugeniusz Kwiatkowski
24%
Kim z wykształcenia był trzeci prezydent II RP? Chemik
23%
Rozwiń skrót ONR Obóz Narodowo-Radykalny
23%
Stanisław Wigura
23%
Którzy znani lotnicy zginęli w katastrofie lotniczej 11 września 1932? Franciszek Żwirko
22%
Od 1918 do 1924 Polska cierpiała gospodarczo i finansowo przez ____________ Hiperinflację
22%
Jak nazywało się państwo ogłoszone przez gen. Lucjana Żeligowskiego w celu przyłączenia Wileńszczyzny do Polski? Litwa Środkowa
21%
Kto zabił pierwszego prezydenta II RP? Eligiusz Niewiadomski
19%
Jak nazywała organizacja rządząca Polską w latach 1927-1935? Bezpartyjny Blok Współpracy z Rządem
16%
Jak nazywała się trasa kolejowa wybudowana między Górnym Śląskiem a Gdynią? Magistrala {węglowa}
16%
Kto w głównej mierze jest odpowiedzialny za polskie zwycięstwo w powyższej bitwie? Tadeusz Rozwadowski
15%
Jak nazywał się kontynuator tejże organizacji? Obóz Zjednoczenia Narodowego
7%
Angers
5%
Nie znaleziono quizów pasujących do podanych kryteriów
Rozkład punktacji
Procent ludzi z każdym wynikiem
Percentyl według liczby udzielonych odpowiedzi
Twoja historia wyników
Nie rozwiązałeś tego quizu